Podnikový reprodukčný proces a jeho kategórie v podmienkach intenzívneho typu hospodárenia záverečná správa o riešení čiastkovej výskumnej úlohy ŠPEV VIII-2-3/5
Enregistré dans:
| Format: | Livre |
|---|---|
| Langue: | slovaque |
| Publié: |
Bratislava
VŠE
1985
|
| Tags: |
Pas de tags, Soyez le premier à ajouter un tag!
|
MARC
| LEADER | 00000nam a2200000 4500 | ||
|---|---|---|---|
| 001 | c022656 | ||
| 005 | 20260325105010.3 | ||
| 041 | 0 | |a slo | |
| 044 | |a SK | ||
| 245 | 1 | 0 | |a Podnikový reprodukčný proces a jeho kategórie v podmienkach intenzívneho typu hospodárenia |b záverečná správa o riešení čiastkovej výskumnej úlohy ŠPEV VIII-2-3/5 |
| 264 | 1 | |a Bratislava |b VŠE |c 1985 | |
| 300 | |a 45 s. | ||